[Event "Barbera op"]
[Site "?"]
[Date "2011.07.11"]
[Round "8"]
[White "Simon Padros, E."]
[Black "Sanchez Dengra, JM."]
[Result "1-0"]
[WhiteElo "2279"]
[BlackElo "1986"]
[PlyCount "97"]
[EventDate "2011.??.??"]
[EventType "swiss"]
[Source "Chessbase"]
[SourceDate "2011.07.29"]

1. e4 c5 2. d3 Nc6 3. g3 g6 4. Bg2 Bg7 5. f4 d6 6. Nf3 e5 7. O-O Nge7 8. c3 O-O
9. Be3 b5 10. f5 gxf5 11. Nh4 fxe4 12. dxe4 Rb8 13. Qh5 Be6 14. Nf5 Bxf5 15.
exf5 f6 16. Nd2 c4 17. Rad1 d5 18. Bc5 Qe8 19. Qg4 Qf7 20. Nf3 Rfc8 21. Bxe7
Nxe7 22. Nxe5 h5 23. Qh4 Qe8 24. Ng6 Nxg6 25. Bxd5+ Kf8 26. fxg6 Qxg6 27. Qd4
Rb6 28. Bf3 Re8 29. Qc5+ Kg8 30. Bxh5 Qe4 31. Bxe8 Qxe8 32. Qd5+ Kh7 33. Qf5+
Kg8 34. Rfe1 Qf8 35. Qd5+ Kh7 36. Re4 f5 37. Rh4+ Kg6 38. Qf3 Qc5+ 39. Kh1 Re6
40. Rf4 Re3 41. Rxf5 Qxf5 42. Qxe3 Bh6 43. Qe2 Kh7 44. Rf1 Qd5+ 45. Qg2 Qe6 46.
Qb7+ Kg6 47. Qf3 a5 48. Kg2 b4 49. g4 1-0

[Event "Barbera op"]
[Site "?"]
[Date "2011.07.11"]
[Round "8"]
[White "Trujillo Villega, PA."]
[Black "Garcia de Lomas Guerrero, C."]
[Result "1-0"]
[WhiteElo "2173"]
[BlackElo "1980"]
[PlyCount "67"]
[EventDate "2011.??.??"]
[EventType "swiss"]
[Source "Chessbase"]
[SourceDate "2011.07.29"]

1. d4 Nf6 2. c4 c5 3. Nf3 cxd4 4. Nxd4 Nc6 5. g3 g6 6. Bg2 Bg7 7. Nc3 O-O 8.
O-O Qb6 9. Nc2 d6 10. b3 Be6 11. Bd2 Qc5 12. Rc1 Qh5 13. e4 Qxd1 14. Rfxd1 Nd7
15. Nd5 Rfc8 16. Be3 b6 17. Nf4 Nd8 18. Nxe6 Nxe6 19. e5 Nxe5 20. Bxa8 Rxa8 21.
h3 Rc8 22. Kg2 Nc5 23. Nb4 Kf8 24. f4 Ned7 25. Nd5 Nf6 26. Nxf6 Bxf6 27. Bd4
Bxd4 28. Rxd4 Rc7 29. b4 Ne6 30. Rd5 Rc6 31. a4 Nc7 32. b5 Nxd5 33. bxc6 Nc7
34. a5 1-0

[Event "Barbera op"]
[Site "?"]
[Date "2011.07.11"]
[Round "8"]
[White "Van der Veen, R."]
[Black "Mingarro Carceller, S."]
[Result "0-1"]
[WhiteElo "2034"]
[BlackElo "2069"]
[PlyCount "68"]
[EventDate "2011.??.??"]
[EventType "swiss"]
[Source "Chessbase"]
[SourceDate "2011.07.29"]

1. d4 f5 2. Nf3 Nf6 3. c4 g6 4. Nc3 Bg7 5. Bg5 O-O 6. e3 d6 7. Be2 Nbd7 8. O-O
c6 9. Qc2 e5 10. dxe5 dxe5 11. Rad1 Qe8 12. b4 h6 13. Bxf6 Nxf6 14. Rd6 e4 15.
Ne1 Qe7 16. c5 Qe5 17. Bc4+ Kh8 18. Ne2 g5 19. g3 a5 20. a3 Ne8 21. Rd8 Qe7 22.
Rd2 Nf6 23. Ng2 Ng4 24. Rfd1 Ne5 25. Nd4 axb4 26. axb4 Nf3+ 27. Nxf3 exf3 28.
Ne1 f4 29. Qg6 fxe3 30. Bd3 Bf5 31. Bxf5 Rxf5 32. Qxf5 exd2 33. Nc2 Qe2 34. Ne3
Qe1+ 0-1

[Event "Barbera op"]
[Site "?"]
[Date "2011.07.12"]
[Round "9"]
[White "Bacallao Alonso, Y."]
[Black "Simon Padros, E."]
[Result "1-0"]
[WhiteElo "2532"]
[BlackElo "2279"]
[PlyCount "77"]
[EventDate "2011.??.??"]
[EventType "swiss"]
[Source "Chessbase"]
[SourceDate "2011.07.29"]

1. Nf3 e6 2. d3 f5 3. e4 Nf6 4. Nc3 Bb4 5. Bd2 O-O 6. e5 Ne8 7. d4 d5 8. Ne2
Be7 9. h4 b6 10. Bg5 c5 11. c3 Nc6 12. a3 c4 13. g3 b5 14. Bh3 a5 15. g4 Nc7
16. Rg1 Ra7 17. Qd2 Kh8 18. Nf4 Rb7 19. Nh5 Ne8 20. gxf5 exf5 21. Kf1 Be6 22.
Nf4 Bg8 23. h5 Rb6 24. Rg3 Bxg5 25. Nxg5 Ne7 26. Kg2 Qb8 27. Kh2 Qb7 28. Qe3
Rh6 29. Rag1 b4 30. axb4 axb4 31. Bg2 bxc3 32. bxc3 Ng6 33. Nxg6+ hxg6 34. Qf4
Nc7 35. Rh3 Qc6 36. Bf3 gxh5 37. Bxh5 Ne6 38. Nxe6 Qxe6 39. Rg6 1-0

[Event "Barbera op"]
[Site "?"]
[Date "2011.07.12"]
[Round "9"]
[White "Balague Camps, M."]
[Black "Ridameya Tatche, J."]
[Result "1-0"]
[WhiteElo "2119"]
[BlackElo "2072"]
[PlyCount "91"]
[EventDate "2011.??.??"]
[EventType "swiss"]
[Source "Chessbase"]
[SourceDate "2011.07.29"]

1. Nf3 f5 2. c4 Nf6 3. g3 c6 4. Bg2 e6 5. O-O Be7 6. b3 O-O 7. Ba3 d6 8. Qc2
Qe8 9. d3 Nbd7 10. Nbd2 Qh5 11. Rfe1 Ng4 12. Nf1 Rb8 13. Rad1 c5 14. h3 Ngf6
15. e4 fxe4 16. dxe4 e5 17. g4 Qe8 18. Ne3 Nb6 19. Bb2 h5 20. g5 Nh7 21. h4 Qg6
22. Nxe5 dxe5 23. Bxe5 Bg4 24. f3 Be6 25. Bxb8 Rxb8 26. f4 Bg4 27. Nxg4 hxg4
28. a4 a5 29. Qc3 Ra8 30. Qg3 Qh5 31. f5 Rf8 32. Rf1 Nxg5 33. hxg5 Bxg5 34. Rd6
Nc8 35. Rd7 Bh4 36. Qc7 Qg5 37. Qf4 Qh5 38. e5 Bg5 39. Qh2 Bh4 40. Bd5+ Kh8 41.
Be4 Qg5 42. Qf4 b6 43. Qxg5 Bxg5 44. Kg2 Re8 45. Rh1+ Bh6 46. f6 1-0

[Event "Barbera op"]
[Site "?"]
[Date "2011.07.12"]
[Round "9"]
[White "Bas Mas, JJ."]
[Black "Codenotti, M."]
[Result "1/2-1/2"]
[WhiteElo "2194"]
[BlackElo "2323"]
[PlyCount "109"]
[EventDate "2011.??.??"]
[EventType "swiss"]
[Source "Chessbase"]
[SourceDate "2011.07.29"]

1. e4 c5 2. Nf3 d6 3. d4 Nf6 4. Nc3 cxd4 5. Nxd4 a6 6. h3 e5 7. Nde2 h5 8. Bg5
Be7 9. Qd2 Be6 10. O-O-O Nbd7 11. Ng3 b5 12. Bxf6 Nxf6 13. Kb1 g6 14. f4 h4 15.
f5 Bd7 16. Nge2 gxf5 17. exf5 Bxf5 18. g4 hxg3 19. Nxg3 Be6 20. Bg2 Rc8 21.
Nge4 Nxe4 22. Bxe4 Qa5 23. Bd5 b4 24. Ne4 Bxd5 25. Qxd5 Qxd5 26. Rxd5 Kd7 27.
Rhd1 Rc6 28. Rxe5 Rxh3 29. Rf5 Ke6 30. Rf2 Re3 31. Nd2 f5 32. Nb3 Rc4 33. Rdf1
f4 34. Nc1 Bg5 35. Nd3 Kf5 36. b3 Rd4 37. Kc1 Rexd3 38. cxd3 Rxd3 39. Kc2 Rc3+
40. Kd1 Rd3+ 41. Kc2 Re3 42. Rd2 f3 43. Rxd6 Rc3+ 44. Kb2 Ke4 45. a3 a5 46.
axb4 axb4 47. Rb6 Ke3 48. Rxb4 Bf6 49. Kb1 Ke2 50. Rh1 f2 51. Rf4 Rxb3+ 52. Ka2
Rb2+ 53. Ka3 Bc3 54. Rxf2+ Kxf2 55. Rh2+ 1/2-1/2

[Event "Barbera op"]
[Site "?"]
[Date "2011.07.12"]
[Round "9"]
[White "Bystrov, SM."]
[Black "Trujillo Villega, PA."]
[Result "1/2-1/2"]
[WhiteElo "2300"]
[BlackElo "2173"]
[PlyCount "104"]
[EventDate "2011.??.??"]
[EventType "swiss"]
[Source "Chessbase"]
[SourceDate "2011.07.29"]

1. e4 c5 2. d3 g6 3. g3 Bg7 4. Bg2 Nc6 5. f4 e6 6. Nf3 Nge7 7. c3 d5 8. e5 d4
9. c4 Rb8 10. Nbd2 b5 11. Ne4 O-O 12. b3 bxc4 13. bxc4 Nf5 14. O-O Ne3 15. Bxe3
dxe3 16. Re1 Nd4 17. Rxe3 Nxf3+ 18. Rxf3 Qd4+ 19. Kh1 Rb2 20. Qg1 Rd8 21. Qxd4
Rxd4 22. Rf2 Rxf2 23. Nxf2 f6 24. Rb1 fxe5 25. Rb8 Rd8 26. Kg1 Rf8 27. Bh3 Kh8
28. Ne4 exf4 29. gxf4 Bd4+ 30. Kg2 Kg7 31. Ra8 a5 32. Ra7+ Kh6 33. Rxa5 Rxf4
34. Ra7 Rf8 35. Rc7 Rd8 36. Bg4 Bd7 37. Nxc5 Bxc5 38. Rxc5 Ra8 39. Rc7 Rxa2+
40. Kg3 Ba4 41. Ra7 e5 42. Bd1 Bb3 43. Rxa2 Bxa2 44. c5 Kg5 45. c6 h5 46. h4+
Kf6 47. Bf3 Be6 48. Kf2 Ke7 49. Ke3 Kd6 50. d4 exd4+ 51. Kxd4 Bb3 52. Be4 Ba4
1/2-1/2

[Event "Barbera op"]
[Site "?"]
[Date "2011.07.12"]
[Round "9"]
[White "Colon Garcia, E."]
[Black "Perez Mitjans, O."]
[Result "1/2-1/2"]
[WhiteElo "2276"]
[BlackElo "2452"]
[PlyCount "117"]
[EventDate "2011.??.??"]
[EventType "swiss"]
[Source "Chessbase"]
[SourceDate "2011.07.29"]

1. c4 Nf6 2. g3 c6 3. Bg2 d5 4. Nf3 dxc4 5. O-O e6 6. Qc2 b5 7. a4 a6 8. Ne5
Qc7 9. d4 Bb7 10. b3 cxb3 11. Qxb3 Nbd7 12. Bb2 Nxe5 13. dxe5 Nd7 14. Nc3 Nc5
15. Qc2 b4 16. Ne4 Nxe4 17. Bxe4 O-O-O 18. a5 h5 19. Rfc1 c5 20. Ra4 Rd7 21.
Rxb4 cxb4 22. Bxb7+ Kxb7 23. Qe4+ Kb8 24. Rxc7 Rxc7 25. Qd3 Bc5 26. Qxa6 Rd8
27. Kg2 g5 28. Bc1 g4 29. Bg5 Rdc8 30. Qd3 Ba7 31. Bd8 Rc5 32. Be7 Rd5 33. Qe4
Bd4 34. Bxb4 Bxe5 35. Bd2 Bd4 36. Be3 Bxe3 37. Qxe3 Rc7 38. f3 gxf3+ 39. exf3
Kc8 40. a6 Ra5 41. Qd3 Ra2+ 42. Kh3 Rcc2 43. Kh4 Rxh2+ 44. Kg5 Rhd2 45. Qc4+
Kd8 46. Kxh5 Ra5+ 47. Kg4 Rd6 48. Qb4 Raxa6 49. Qb8+ Ke7 50. Qc7+ Kf6 51. Qc3+
Kg6 52. Qh8 Ra4+ 53. f4 f5+ 54. Kh3 Ra7 55. Qg8+ Rg7 56. Qe8+ Rf7 57. Qg8+ Rg7
58. Qe8+ Kh6 59. Qh8+ 1/2-1/2

[Event "Barbera op"]
[Site "?"]
[Date "2011.07.12"]
[Round "9"]
[White "Cruz Lledo, P."]
[Black "Asis Gargatagli, H."]
[Result "1/2-1/2"]
[WhiteElo "2269"]
[BlackElo "2431"]
[PlyCount "63"]
[EventDate "2011.??.??"]
[EventType "swiss"]
[Source "Chessbase"]
[SourceDate "2011.07.29"]

1. d4 Nf6 2. c4 g6 3. Nc3 d5 4. Nf3 Bg7 5. Bg5 Ne4 6. cxd5 Nxg5 7. Nxg5 O-O 8.
Nf3 c6 9. dxc6 Nxc6 10. e3 e5 11. dxe5 Nxe5 12. Be2 Nxf3+ 13. Bxf3 Qa5 14. O-O
Bxc3 15. bxc3 Qxc3 16. Qd6 Be6 17. Rfc1 Qb2 18. Rcb1 Qf6 19. Qf4 Qxf4 20. exf4
Rab8 21. Rxb7 Rxb7 22. Bxb7 Rb8 23. Ba6 Rb4 24. a4 Rxf4 25. a5 Rb4 26. h3 h5
27. Rc1 Ra4 28. Rc5 Ra1+ 29. Kh2 Kf8 30. Bc8 Bxc8 31. Rxc8+ Kg7 32. Rc5 1/2-1/2

[Event "Barbera op"]
[Site "?"]
[Date "2011.07.12"]
[Round "9"]
[White "Cruz Ravina, FJ."]
[Black "Brynell, S."]
[Result "0-1"]
[WhiteElo "2399"]
[BlackElo "2495"]
[PlyCount "76"]
[EventDate "2011.??.??"]
[EventType "swiss"]
[Source "Chessbase"]
[SourceDate "2011.07.29"]

1. e4 e6 2. d4 d5 3. Nd2 Nf6 4. e5 Nfd7 5. Bd3 c5 6. c3 Nc6 7. Ne2 cxd4 8. cxd4
f6 9. exf6 Nxf6 10. Nf3 Bd6 11. O-O O-O 12. Bf4 Nh5 13. Bxd6 Qxd6 14. Qd2 Bd7
15. Qe3 a6 16. Ne5 Nb4 17. g3 Nxd3 18. Qxd3 Bb5 19. Qd2 Nf6 20. f3 Nd7 21. Nxd7
Qxd7 22. f4 Rac8 23. Rfe1 Bxe2 24. Rxe2 Rc6 25. Rae1 Qf7 26. Re5 h6 27. Qe3 Rc2
28. Re2 Rxe2 29. Qxe2 Rc8 30. Qd3 Rc6 31. Kg2 Qf6 32. f5 exf5 33. Rxd5 f4 34.
gxf4 Qxf4 35. Rd8+ Kf7 36. Rd7+ Kf8 37. Qa3+ Kg8 38. Qb3+ Kh7 0-1

[Event "Barbera op"]
[Site "?"]
[Date "2011.07.12"]
[Round "9"]
[White "Cuartas Medina, JA."]
[Black "Carstensen, J."]
[Result "1-0"]
[WhiteElo "2542"]
[BlackElo "2391"]
[PlyCount "99"]
[EventDate "2011.??.??"]
[EventType "swiss"]
[Source "Chessbase"]
[SourceDate "2011.07.29"]

1. e4 c5 2. Nf3 d6 3. d4 Nf6 4. Nc3 cxd4 5. Qxd4 a6 6. Bg5 Nc6 7. Qd2 e6 8.
O-O-O Qc7 9. Bf4 e5 10. Bg5 Be6 11. Kb1 Nd7 12. Nd5 Bxd5 13. exd5 Ne7 14. g4 h6
15. Be3 g6 16. h4 Bg7 17. g5 hxg5 18. Nxg5 Nf6 19. Bg2 Nf5 20. f4 Nh5 21. fxe5
Bxe5 22. Bf2 b5 23. Rhe1 O-O 24. Bf3 Bf4 25. Qd3 Nfg7 26. Bd4 Rae8 27. Bxh5
Nxh5 28. Ne6 fxe6 29. Qxg6+ Ng7 30. dxe6 Be5 31. Bxe5 Rxe6 32. Qxg7+ Qxg7 33.
Bxg7 Rxe1 34. Rxe1 Kxg7 35. a3 Rf4 36. Re6 Rd4 37. c3 Rd5 38. Re7+ Kf6 39. Ra7
Ke6 40. Rxa6 b4 41. axb4 Rh5 42. b5 Rxh4 43. b6 Rh8 44. b7 Rb8 45. Rb6 Kd5 46.
Ka2 Kc5 47. Rb4 Kc6 48. Kb3 Rxb7 49. Rxb7 Kxb7 50. Kc4 1-0

[Event "Barbera op"]
[Site "?"]
[Date "2011.07.12"]
[Round "9"]
[White "Dalo, H."]
[Black "Jareño Badenas, A."]
[Result "1-0"]
[WhiteElo "2049"]
[BlackElo "2026"]
[PlyCount "49"]
[EventDate "2011.??.??"]
[EventType "swiss"]
[Source "Chessbase"]
[SourceDate "2011.07.29"]

1. e4 e6 2. d3 d5 3. Nd2 c5 4. g3 Nc6 5. Bg2 Nf6 6. Ngf3 Be7 7. O-O O-O 8. e5
Nd7 9. Re1 b5 10. Nf1 a5 11. h4 b4 12. Bf4 Ba6 13. Ne3 a4 14. c4 bxc3 15. bxc3
Nb6 16. Ng4 Rb8 17. Ng5 c4 18. d4 Bb5 19. Qb1 g6 20. Qxb5 Nb4 21. Nf6+ Kg7 22.
cxb4 h6 23. Nh3 Qc7 24. h5 Ra8 25. Bxd5 1-0

[Event "Barbera op"]
[Site "?"]
[Date "2011.07.12"]
[Round "9"]
[White "Fenollar Jorda, M."]
[Black "Canal Oliveras, J."]
[Result "0-1"]
[WhiteElo "2358"]
[BlackElo "2247"]
[PlyCount "86"]
[EventDate "2011.??.??"]
[EventType "swiss"]
[Source "Chessbase"]
[SourceDate "2011.07.29"]

1. e4 e5 2. Nf3 Nc6 3. Nc3 Nf6 4. d4 exd4 5. Nxd4 Bb4 6. Nxc6 bxc6 7. Bd3 d5 8.
exd5 Qe7+ 9. Qe2 Qxe2+ 10. Kxe2 Nxd5 11. Na4 O-O 12. c4 Re8+ 13. Kd1 Nb6 14. a3
Be7 15. Nc3 a5 16. a4 Be6 17. b3 Bf6 18. Kc2 Bd4 19. Rf1 Nd7 20. Be4 Nc5 21. f3
Na6 22. Rd1 Rad8 23. Bf4 f5 24. Bd3 Nb4+ 25. Kb2 Be5 26. Bxe5 Nxd3+ 27. Rxd3
Rxd3 28. Rd1 Red8 29. Rxd3 Rxd3 30. Kc2 Rd7 31. Ne2 f4 32. Nd4 Bf7 33. Nxc6 g5
34. Nxa5 Re7 35. Bd4 Re2+ 36. Kd1 Rxg2 37. Nc6 Rxh2 38. Nb4 Bh5 39. a5 Bxf3+
40. Kc1 g4 41. a6 g3 42. a7 Ba8 43. Nd5 f3 0-1

[Event "Barbera op"]
[Site "?"]
[Date "2011.07.12"]
[Round "9"]
[White "Georgieva, E."]
[Black "Bufi Pujadas, A."]
[Result "1/2-1/2"]
[WhiteElo "1975"]
[BlackElo "1902"]
[PlyCount "85"]
[EventDate "2011.??.??"]
[EventType "swiss"]
[Source "Chessbase"]
[SourceDate "2011.07.29"]

1. d4 Nf6 2. c3 c5 3. e3 e6 4. Nf3 Be7 5. Bd3 d5 6. Ne5 O-O 7. Nd2 b6 8. O-O
Bb7 9. f4 Nbd7 10. Qc2 Rc8 11. Rf3 b5 12. Be2 Ne4 13. Rh3 Nxe5 14. fxe5 f6 15.
Nxe4 dxe4 16. exf6 Bxf6 17. Bd2 e5 18. Bg4 exd4 19. Be6+ Kh8 20. Qd1 g6 21.
cxd4 Rc7 22. Qg4 Kg7 23. Bc3 Bd5 24. Bf5 Bg5 25. Bxe4 h5 26. Qg3 Bxe4 27. Qe5+
Kh6 28. Qxe4 Re7 29. Qc2 Rxe3 30. Rxe3 Bxe3+ 31. Kh1 g5 32. Qe4 Re8 33. Qc6+
Kh7 34. Rf1 Qe7 35. Rf6 g4 36. d5 Bg5 37. Rf1 Qe2 38. Qd7+ Re7 39. Qf5+ Kh6 40.
Qf8+ Kg6 41. Qg8+ Kh6 42. Qf8+ Kg6 43. Qg8+ 1/2-1/2

[Event "Barbera op"]
[Site "?"]
[Date "2011.07.12"]
[Round "9"]
[White "Huerga Leache, M."]
[Black "Obon Temprano, S."]
[Result "1-0"]
[WhiteElo "2453"]
[BlackElo "2255"]
[PlyCount "57"]
[EventDate "2011.??.??"]
[EventType "swiss"]
[Source "Chessbase"]
[SourceDate "2011.07.29"]

1. e4 e6 2. d4 d5 3. Nc3 dxe4 4. Nxe4 Bd7 5. Bd3 Bc6 6. Nf3 Nd7 7. Qe2 Be7 8.
Neg5 h6 9. Ne4 Ngf6 10. Ned2 O-O 11. c3 b6 12. Ne5 Nxe5 13. dxe5 Nd7 14. Bc2
Re8 15. O-O Nf8 16. f4 Qc8 17. Ne4 Qb7 18. Ng3 Ng6 19. Rf2 Bc5 20. Be3 Bxe3 21.
Qxe3 Nh4 22. Qe2 g6 23. Qg4 Nxg2 24. Bxg6 Ne3 25. Qh5 fxg6 26. Qxg6+ Kf8 27.
Qf6+ Kg8 28. f5 Nxf5 29. Rxf5 1-0

[Event "Barbera op"]
[Site "?"]
[Date "2011.07.12"]
[Round "9"]
[White "Iturrizaga Bonelli, E."]
[Black "Delgado Ramos, H."]
[Result "1/2-1/2"]
[WhiteElo "2603"]
[BlackElo "2488"]
[PlyCount "85"]
[EventDate "2011.??.??"]
[EventType "swiss"]
[Source "Chessbase"]
[SourceDate "2011.07.29"]

1. d4 d5 2. c4 c6 3. Nc3 Nf6 4. cxd5 cxd5 5. Bf4 Nc6 6. e3 a6 7. Be2 Bf5 8. Nf3
Rc8 9. Ne5 Nxe5 10. Bxe5 e6 11. Qb3 Qd7 12. f3 Bg6 13. O-O Rc6 14. e4 Be7 15.
exd5 exd5 16. Rac1 O-O 17. Na4 b5 18. Nc3 Rfc8 19. a3 Qe6 20. Rce1 Qd7 21. Kh1
Rd8 22. Rd1 h5 23. Rfe1 h4 24. Bd3 Bxd3 25. Rxd3 Nh5 26. h3 Bg5 27. Qd1 Re6 28.
Rf1 Bf4 29. Ne2 Bxe5 30. dxe5 Rxe5 31. f4 Re7 32. Kh2 g6 33. Rd4 Qc7 34. Nc3
Nf6 35. Qf3 Rde8 36. Qf2 Qa7 37. Rfd1 Ne4 38. Qxh4 Nxc3 39. bxc3 Qc7 40. R1d3
Re4 41. Qg3 Rxd4 42. Rxd4 Re4 43. h4 1/2-1/2

[Event "Barbera op"]
[Site "?"]
[Date "2011.07.12"]
[Round "9"]
[White "Marmili, G."]
[Black "Garcia Roman, D."]
[Result "1-0"]
[WhiteElo "2165"]
[BlackElo "2427"]
[PlyCount "105"]
[EventDate "2011.??.??"]
[EventType "swiss"]
[Source "Chessbase"]
[SourceDate "2011.07.29"]

1. Nf3 Nf6 2. g3 g6 3. Bg2 Bg7 4. O-O d5 5. c4 O-O 6. d3 Nc6 7. Qc2 dxc4 8.
Qxc4 Be6 9. Qa4 Qd7 10. Re1 Bg4 11. Nbd2 Rfd8 12. Rb1 Nd5 13. Qb3 a5 14. a3 a4
15. Qd1 e5 16. Nf1 Nd4 17. Ng5 h6 18. Ne4 c6 19. Ne3 Nxe3 20. Bxe3 Qe7 21. Nc3
Be6 22. Rc1 Nb3 23. Rb1 f5 24. Qc2 Kh7 25. f3 Bf6 26. Bf2 Bg5 27. e3 Nc5 28. d4
Bb3 29. Qe2 exd4 30. exd4 Qxe2 31. Rxe2 Nd3 32. f4 Bf6 33. Be3 Re8 34. Kh1 Re7
35. Bg1 Rxe2 36. Nxe2 Re8 37. Nc3 Ne1 38. Ne4 fxe4 39. Rxe1 Bc2 40. Bf2 Bd3 41.
g4 c5 42. dxc5 Bxb2 43. Be3 Rc8 44. Bd2 Re8 45. Be3 Rc8 46. Bd2 Bxa3 47. Bxe4
Bxe4+ 48. Rxe4 Bxc5 49. Rxa4 b5 50. Ra5 Rb8 51. Bc3 Be3 52. Be5 Re8 53. Rxb5
1-0

[Event "Barbera op"]
[Site "?"]
[Date "2011.07.12"]
[Round "9"]
[White "Matnadze, A."]
[Black "Arizmendi Martinez, JL."]
[Result "0-1"]
[WhiteElo "2428"]
[BlackElo "2555"]
[PlyCount "100"]
[EventDate "2011.??.??"]
[EventType "swiss"]
[Source "Chessbase"]
[SourceDate "2011.07.29"]

1. d4 Nf6 2. Nf3 g6 3. g3 Bg7 4. Bg2 O-O 5. O-O d6 6. c4 c6 7. Nc3 Bf5 8. Qb3
Qc8 9. Rd1 Ne4 10. Nxe4 Bxe4 11. Bf1 c5 12. d5 Na6 13. Bd2 Nc7 14. a4 a6 15. a5
Rb8 16. Bc3 b5 17. axb6 Bxc3 18. Qxc3 Rxb6 19. Ng5 Bf5 20. e4 Bg4 21. f3 f6 22.
fxg4 fxg5 23. Be2 e5 24. Rf1 Qd8 25. Rxf8+ Kxf8 26. Rf1+ Kg7 27. Bd1 Ne8 28.
Qf3 Nf6 29. h4 Rxb2 30. hxg5 Ng8 31. Qa3 Rd2 32. Qe3 Ra2 33. Be2 Rb2 34. Rf2
Qa5 35. Qf3 Qe1+ 36. Kg2 Kh8 37. Kh3 a5 38. Rg2 Qh1+ 39. Rh2 Qxf3 40. Bxf3
Rxh2+ 41. Kxh2 a4 42. Bd1 a3 43. Bb3 h6 44. Kg2 hxg5 45. Kf3 Nf6 46. Ke3 Nxg4+
47. Kd2 Nf6 48. Kc1 Nxe4 49. g4 Nf2 50. Bc2 Kg7 0-1

[Event "Barbera op"]
[Site "?"]
[Date "2011.07.12"]
[Round "9"]
[White "Mingarro Carceller, S."]
[Black "Guix Torres, D."]
[Result "1-0"]
[WhiteElo "2069"]
[BlackElo "2019"]
[PlyCount "97"]
[EventDate "2011.??.??"]
[EventType "swiss"]
[Source "Chessbase"]
[SourceDate "2011.07.29"]

1. Nf3 Nf6 2. c4 c5 3. Nc3 Nc6 4. d4 cxd4 5. Nxd4 g6 6. e4 d6 7. Be2 Bg7 8. Be3
a6 9. O-O O-O 10. f3 Bd7 11. Qd2 Qc7 12. Rac1 Nxd4 13. Bxd4 Bc6 14. b4 b6 15.
Nd5 Bxd5 16. cxd5 Qb7 17. Rc6 Nd7 18. Bxg7 Kxg7 19. Qc3+ Nf6 20. Rc7 Rfc8 21.
Rc6 Rxc6 22. dxc6 Qc7 23. Kh1 a5 24. a3 Kg8 25. Rc1 axb4 26. axb4 Nd7 27. h3
Nf6 28. b5 e5 29. Bc4 Ne8 30. Rd1 Kf8 31. f4 Nf6 32. fxe5 dxe5 33. Rf1 Nxe4 34.
Qe3 Nd6 35. Qxe5 Re8 36. Qh8+ Ke7 37. Qxh7 Kd8 38. Qh4+ Qe7 39. Qd4 Kc7 40. Ra1
Nc8 41. Qf4+ Qd6 42. Qxf7+ Re7 43. Qf1 Qg3 44. Rd1 Nd6 45. Ra1 Nc8 46. Be2 Qc3
47. Bg4 Kb8 48. Bxc8 Kxc8 49. Qf8+ 1-0

[Event "Barbera op"]
[Site "?"]
[Date "2011.07.12"]
[Round "9"]
[White "Narciso Dublan, M."]
[Black "Carlsson, P."]
[Result "0-1"]
[WhiteElo "2544"]
[BlackElo "2496"]
[PlyCount "70"]
[EventDate "2011.??.??"]
[EventType "swiss"]
[Source "Chessbase"]
[SourceDate "2011.07.29"]

1. c4 e5 2. g3 Nf6 3. Bg2 h6 4. d3 Bb4+ 5. Nd2 O-O 6. Ngf3 Re8 7. O-O a5 8. a3
Bxd2 9. Bxd2 a4 10. e4 d6 11. Qc2 c5 12. h3 Nc6 13. Rae1 Be6 14. Qd1 Qd7 15.
Kh2 b5 16. cxb5 Ne7 17. Nh4 Ng6 18. Nf5 d5 19. Ne3 dxe4 20. dxe4 Red8 21. Bc3
Qxb5 22. Qf3 Rd3 23. Qe2 c4 24. Nc2 Rad8 25. Nb4 R3d7 26. f4 exf4 27. gxf4 Nh5
28. f5 Qb8+ 29. e5 Nhf4 30. Qe4 Bxf5 31. Qxf5 Nxg2 32. Re2 N2h4 33. Qg4 Rd1 34.
Ref2 Nxe5 35. Qxd1 Ng4+ 0-1

[Event "Barbera op"]
[Site "?"]
[Date "2011.07.12"]
[Round "9"]
[White "Phadke, S."]
[Black "Mascaro March, P."]
[Result "1/2-1/2"]
[WhiteElo "2252"]
[BlackElo "2413"]
[PlyCount "87"]
[EventDate "2011.??.??"]
[EventType "swiss"]
[Source "Chessbase"]
[SourceDate "2011.07.29"]

1. e4 c5 2. Nf3 d6 3. d4 cxd4 4. Nxd4 Nf6 5. Nc3 Nc6 6. Bc4 Qb6 7. Nb3 e6 8.
O-O Be7 9. Be3 Qc7 10. Bd3 a6 11. f4 b5 12. Qf3 Bb7 13. Qh3 h5 14. a4 b4 15.
Nd1 Na5 16. Nxa5 Qxa5 17. Nf2 O-O-O 18. Bd4 Kb8 19. Qe3 Nd7 20. c3 e5 21. fxe5
dxe5 22. Ba7+ Ka8 23. Bb5 bxc3 24. b4 Qc7 25. Nd3 f6 26. Rfe1 a5 27. Bc5 Nxc5
28. bxc5 Rxd3 29. Qxd3 Bxc5+ 30. Kh1 Bb4 31. Red1 h4 32. h3 Ka7 33. Qe2 Rd8 34.
Rxd8 Qxd8 35. Rd1 Qc8 36. Kh2 Qc5 37. Bc4 f5 38. Rd7 Qc6 39. Rxg7 fxe4 40. Qe3+
Kb8 41. Rg8+ Kc7 42. Rg7+ Kb8 43. Rg8+ Kc7 44. Rg7+ 1/2-1/2

[Event "Barbera op"]
[Site "?"]
[Date "2011.07.12"]
[Round "9"]
[White "Thakur, A."]
[Black "Aranaz Murillo, A."]
[Result "1-0"]
[WhiteElo "2327"]
[BlackElo "2176"]
[PlyCount "63"]
[EventDate "2011.??.??"]
[EventType "swiss"]
[Source "Chessbase"]
[SourceDate "2011.07.29"]

1. e4 c6 2. d4 d5 3. exd5 cxd5 4. c4 Nf6 5. Nc3 Nc6 6. Nf3 g6 7. cxd5 Nxd5 8.
Qb3 Nxc3 9. Bc4 Nd5 10. Bxd5 e6 11. Bxc6+ bxc6 12. O-O Bg7 13. Bg5 Qd5 14. Qa3
f6 15. Bf4 Bf8 16. Qa4 Be7 17. Rac1 Bd7 18. Rfe1 g5 19. Bg3 h5 20. h4 g4 21.
Ne5 fxe5 22. Rxe5 c5 23. Qc2 Qc6 24. Qg6+ Kd8 25. Rexc5 Bxc5 26. Qf6+ Kc8 27.
Rxc5 Kb7 28. Rxc6 Bxc6 29. Qe7+ Ka6 30. Qa3+ Kb7 31. Qe7+ Ka6 32. Qxe6 1-0

[Event "Barbera op"]
[Site "?"]
[Date "2011.07.12"]
[Round "9"]
[White "Van Riemsdijk, HC."]
[Black "Kashtanov, R."]
[Result "1/2-1/2"]
[WhiteElo "2403"]
[BlackElo "2360"]
[PlyCount "74"]
[EventDate "2011.??.??"]
[EventType "swiss"]
[Source "Chessbase"]
[SourceDate "2011.07.29"]

1. e4 c6 2. d4 d5 3. Nc3 dxe4 4. Nxe4 Bf5 5. Ng3 Bg6 6. Nf3 Nd7 7. h4 h6 8. h5
Bh7 9. Bd3 Bxd3 10. Qxd3 e6 11. Bf4 Qa5+ 12. Bd2 Bb4 13. Ne4 Ngf6 14. Nd6+ Ke7
15. Nc4 Bxd2+ 16. Nfxd2 Qc7 17. O-O-O Rhd8 18. Qa3+ c5 19. Rh4 b5 20. dxc5 Nxc5
21. Nb3 Rxd1+ 22. Kxd1 Rc8 23. Ne3 Ke8 24. Qxc5 Qxc5 25. Nxc5 Rxc5 26. g4 Ke7
27. Rh3 b4 28. Rf3 g5 29. hxg6 fxg6 30. Rh3 h5 31. gxh5 gxh5 32. Rh4 a5 33. Ke2
Ng4 34. Nxg4 hxg4 35. Kd3 Rd5+ 36. Ke3 Rc5 37. Kd3 Rd5+ 1/2-1/2

[Event "Barbera op"]
[Site "?"]
[Date "2011.07.12"]
[Round "9"]
[White "Vassallo Barroche, M."]
[Black "L'Ami, A."]
[Result "1/2-1/2"]
[WhiteElo "2416"]
[BlackElo "2312"]
[PlyCount "53"]
[EventDate "2011.??.??"]
[EventType "swiss"]
[Source "Chessbase"]
[SourceDate "2011.07.29"]

1. d4 Nf6 2. g3 g6 3. Bg2 Bg7 4. e4 d6 5. Ne2 O-O 6. Nbc3 c6 7. a4 a5 8. O-O
Na6 9. h3 Rb8 10. Be3 b5 11. e5 Nd5 12. Nxd5 cxd5 13. exd6 e6 14. axb5 Rxb5 15.
b3 Qxd6 16. c4 dxc4 17. bxc4 Rb4 18. Qc2 Qc7 19. Rfc1 e5 20. Ra3 Bf5 21. Qa2
Rfb8 22. Rxa5 Rb2 23. Qa4 R8b4 24. Qa3 R4b3 25. Qa4 Rb4 26. Qa3 R4b3 27. Qa4
1/2-1/2

[Event "Barbera op"]
[Site "?"]
[Date "2011.07.12"]
[Round "9"]
[White "Vehi Bach, VM."]
[Black "Capellades Subirana, M."]
[Result "1-0"]
[WhiteElo "2403"]
[BlackElo "2260"]
[PlyCount "61"]
[EventDate "2011.??.??"]
[EventType "swiss"]
[Source "Chessbase"]
[SourceDate "2011.07.29"]

1. e4 e5 2. Nf3 Nc6 3. Nc3 d6 4. d4 Bg4 5. Bb5 exd4 6. Qxd4 Bxf3 7. gxf3 Nge7
8. Bg5 f6 9. Be3 a6 10. Bxc6+ Nxc6 11. Qd2 Qd7 12. O-O-O O-O-O 13. h4 f5 14. h5
Be7 15. Nd5 Bf6 16. Bb6 Ne5 17. Bxc7 Nc4 18. Qb4 Bxb2+ 19. Kb1 b5 20. Bxd8 Qxd8
21. Ne3 a5 22. Qb3 Be5 23. Nxc4 bxc4 24. Qxc4+ Kb8 25. Rd5 Ka7 26. Rhd1 Re8 27.
Rb5 Re7 28. Rdd5 Rb7 29. Rxb7+ Kxb7 30. Rb5+ Ka7 31. Qf7+ 1-0